Between femininities : ambivalence, identity, and the education of girls /

Bibliographic Details
Main Author: Gonick, Marnina
Corporate Author: NetLibrary, Inc
Format: eBook
Language:English
Published: Albany : State University of New York Press, [2003]
Series:SUNY series, second thoughts.
Subjects:
Online Access:Connect to the full text of this electronic book

MARC

Tag First Indicator Second Indicator Subfields
LEADER 00000cam a2200000Ia 4500
001 in00002000534
005 20220105141707.0
006 m d
007 cr cnu---unuuu
008 040319s2003 nyu sb 001 0 eng d
020 |a 1417500956 (electronic bk.) 
035 |a (OCoLC)ocm54770603 
040 |a N$T  |c N$T  |d OCLCQ  |d UtOrBLW 
049 |a IKMN 
050 1 4 |a HQ777  |b .G65 2003eb 
082 0 4 |a 305.23  |2 22 
100 1 |a Gonick, Marnina.  |0 http://id.loc.gov/authorities/names/n2002090320 
245 1 0 |a Between femininities :  |b ambivalence, identity, and the education of girls /  |c Marnina Gonick. 
264 1 |a Albany :  |b State University of New York Press,  |c [2003] 
264 4 |c ©2003 
300 |a x, 225 pages ;  |c 23 cm. 
336 |a text  |b txt  |2 rdacontent 
337 |a computer  |b c  |2 rdamedia 
338 |a online resource  |b cr  |2 rdacarrier 
490 1 |a SUNY series, second thoughts 
504 |a Includes bibliographical references (pages 195-214) and index. 
533 |a Electronic reproduction.  |b Boulder, Colo. :  |c NetLibrary,  |d 2004.  |n Available via World Wide Web.  |n Access may be limited to NetLibrary affiliated libraries. 
500 |a Electronic resource. 
650 0 |a Girls  |x Psychology.  |0 http://id.loc.gov/authorities/subjects/sh2009009040 
650 0 |a Maturation (Psychology)  |0 http://id.loc.gov/authorities/subjects/sh85082269 
650 0 |a Feminist psychology.  |0 http://id.loc.gov/authorities/subjects/sh88006220 
655 7 |a Electronic books.  |2 local 
710 2 |a NetLibrary, Inc.  |0 http://id.loc.gov/authorities/names/no99080690 
776 1 |c Original  |z 0791458296  |z 079145830X  |w (DLC) 2002042634  |w (OCoLC)51046792 
830 0 |a SUNY series, second thoughts.  |0 http://id.loc.gov/authorities/names/n2002090321 
856 4 1 |u https://proxy.library.tamu.edu/login?url=http://www.netLibrary.com/urlapi.asp?action=summary&v=1&bookid=105452  |z Connect to the full text of this electronic book  |t 0 
994 |a 92  |b IKM 
999 |a MARS 
999 f f |s eb63e178-92e7-36a2-9fe3-18cbf49c6712  |i a65219f4-6382-3595-9f10-b2166eaa0de4  |t 0 
952 f f |a Texas A&M University  |b College Station  |c Electronic Resources  |d Available Online  |t 0  |e HQ777 .G65 2003eb  |h Library of Congress classification 
998 f f |a HQ777 .G65 2003eb  |t 0  |l Available Online